Teknik seni lakon dalam pengajaran : satu kajian kes di Negeri Selangor/
Saved in:
| Main Author: | |
|---|---|
| Format: | Thesis Book |
| Language: | Malay |
| Published: |
2012.
|
| Subjects: | |
| Tags: |
Add Tag
No Tags, Be the first to tag this record!
|
| LEADER | 01094cam a2200277 i 4500 | ||
|---|---|---|---|
| 001 | u1099687 | ||
| 003 | SIRSI | ||
| 005 | 201811121051 | ||
| 008 | 190726s2012 my a 000 0 may | ||
| 040 | |a UMPM |e rda | ||
| 090 | |a PL5065 |b UKM 2012 Muhf | ||
| 100 | 0 | |a Muhammad Faisal Ahmad, |e author. | |
| 245 | 1 | 0 | |a Teknik seni lakon dalam pengajaran : |b satu kajian kes di Negeri Selangor/ |c Muhammad Faisal Ahmad. |
| 264 | 1 | |c 2012. | |
| 264 | 4 | |c 2012. | |
| 300 | |a viii, 173 leaves : |b color illustrations ; |c 30 cm | ||
| 336 | |a text |2 rdacontent | ||
| 337 | |a unmediated |2 rdamedia | ||
| 338 | |a volume |2 rdacarrier | ||
| 502 | |b M.Malays.Stud. |c Jabatan Sains Sosial dan Kemanusian, Bangi, Universiti Kebangsaan Malaysia |d 2012. | ||
| 504 | |a Bibliography: leaves 169-173. | ||
| 650 | 0 | |a Malays (Asian people) |x Social life and customs |z Malaysia. | |
| 710 | 2 | 0 | |a Universiti Kebangsaan Malaysia. |b Jabatan Sains Sosial dan Kemanusian, |e degree granting institution. |
| 900 | |a IH | ||
| 596 | |a 23 | ||
| 999 | |a PL5065 UKM 2012 MUHF |w LC |c 1 |i A517339984 |f 2/8/2019 |g 1 |l STACKS |m P23MELAYU |r Y |s Y |t TESIS |u 26/7/2019 |1 AHSS | ||
